000 00566nam a22002297a 4500
001 14409
003 BD-JhCC
005 20251009121227.0
008 251009b |||||||| |||| 00| 0 eng d
020 _a9780141980225
035 _a(BD-JhCC) 14409
040 _aBD-JhCC
_dBD-JhCC
041 _aeng
082 _223
_a821.3
_bDAN
100 _aDante
245 _aCircles of Hell /
_cDante
260 _aLondon:
_bPenguin Books,
_c2015
300 _a51 p.;
_c16 cm.
490 _a Penguin little black classics,
_v25
650 _aHell Poetry
942 _2ddc
_cBK
999 _c14409
_d14409